IPD cost code (Record no. 110351)

MARC details
000 -LEADER
fixed length control field 01207cad a22002055a 4500
001 - CONTROL NUMBER
control field E149054
008 - FIXED-LENGTH DATA ELEMENTS--GENERAL INFORMATION
fixed length control field 091217s2009 xxk f 000 0 eng d
035 ## - SYSTEM CONTROL NUMBER
System control number (Sirsi) u149054
041 0# - LANGUAGE CODE
Language code of text/sound track or separate title eng
110 2# - MAIN ENTRY--CORPORATE NAME
Corporate name or jurisdiction name as entry element IPD Occupiers
9 (RLIN) 5090
245 00 - TITLE STATEMENT
Title IPD cost code
Remainder of title measuring the cost performance of buildings
Medium [electronic resource]
260 ## - PUBLICATION, DISTRIBUTION, ETC.
Place of publication, distribution, etc. London
Name of publisher, distributor, etc. IPD
Date of publication, distribution, etc. 2009
505 2# - FORMATTED CONTENTS NOTE
Formatted contents note Introduction -- Terms and principles -- Cost measures -- Ratios and worked example -- Applying the code -- Cost optimisation -- References -- Appendices
520 ## - SUMMARY, ETC.
Summary, etc. Provides an industry standard approach to the collection and analysis of corporate occupancy costs. Gives advice on occupancy costs and the communication of the findings to others in the business. Contains case studies to illustrate how the Code has been used to better measure and manage the costs associated with running large corporate estates.
590 ## - LOCAL NOTE (RLIN)
Local note KA
651 #4 - SUBJECT ADDED ENTRY--GEOGRAPHIC NAME
Geographic name International
690 ## - LOCAL SUBJECT ADDED ENTRY--TOPICAL TERM (OCLC, RLIN)
Topical term or geographic name as entry element PROPERTY-COMMERCIAL PROPERTY-COMMERCIAL PROPERTY MANAGEMENT-COMMERCIAL PROPERTY OCCUPANCY COSTS
856 40 - ELECTRONIC LOCATION AND ACCESS
Uniform Resource Identifier <a href="https://www.ipdoccupiers.com/Default.aspx?TabId=1381">https://www.ipdoccupiers.com/Default.aspx?TabId=1381</a>
Public note View the item free of charge after registration at www.ipdoccupiers.com...
942 ## - ADDED ENTRY ELEMENTS (KOHA)
Suppress in OPAC 0
Holdings
Withdrawn status Lost status Source of classification or shelving scheme Damaged status Not for loan Home library Current library Shelving location Date acquired Total Checkouts Full call number Barcode Date last seen Copy number Price effective from Koha item type
    Dewey Decimal Classification     Virtual Virtual Online 17/12/2009   ONLINE PUBLICATION 149054-2001 06/08/2019 1 06/08/2019 Book